000 00406nam a2200193Ia 4500
001 13014
003 GE_BSU
008 181216s||||||||xx |||||||||||||| ||und||
040 _cGE_BSU
080 _a821.111-3
100 _aSteel,Danielle.
245 _aSpecial Delivery.
260 _aLondon.
260 _bBCA.
260 _c1997
300 _a217p;20cm.
653 _aSpecial Delivery.
942 _cBK
999 _c46182
_d46182